| 000 | 00940nam a2200277 c 4500 | ||
|---|---|---|---|
| 999 |
_c423255 _d423255 |
||
| 003 | BLK | ||
| 005 | 20221026155010.0 | ||
| 008 | 180408b bul|||||r ||||||| ||bul|| | ||
| 010 | _aKNG00087304000 | ||
| 020 | _a9786192301538 | ||
| 040 | _aBLK | ||
| 041 |
_aBUL _cBUL |
||
| 080 |
_aБългарска литература _b821.163.2 _x-32 _z821.163.2-32 |
||
| 100 | 1 |
_aТакова, Таня Асенова _eпърви автор _9300666 |
|
| 139 |
_aТакова, Таня Асенова _bТ 22 |
||
| 245 | 1 | 0 |
_aИндиговата врата _cТаня Такова. |
| 257 | _aBGR | ||
| 260 |
_bФабрика за книги _c2021 _9220362 _aСофия _dимпринт на БГкнига _n978-619-230- ; 978-619-7198- |
||
| 300 |
_a140 с. _bс ил. _c20 см |
||
| 380 | _aX | ||
| 852 | _c821.163.2-32/Т 22 Т | ||
| 856 |
_i0.00 _ldisable |
||
| 942 |
_cKNG _n0 _s1 _05 |
||
| 944 |
_aCR _c2021-07-08 _kВ. Т. |
||
| 999 | _d423255 | ||